000 00583nam a2200217 a 4500
999 _c4990
_d4990
001 4990
003 BD-JhCC
005 20171227172056.0
008 171206s1986 u a|||| || | 000 0 eng d
020 _a0829259945
035 _a(BD-JhCC)4990
040 _aBD-JhCC
_dBD-JhCC
041 _aeng
082 _a418.4
_bPRA 1986
245 _aPractice Masters :
_bThe riverside reading program level 7 /
260 _aChicago :
_bThe Riverside Publishing Company,
_c1986.
300 _a76 p. :
_bill. ;
_c28 cm.
650 _aReading (Elementary)
942 _2ddc
_cBK